Switched reluctance motors and their control / (رقم التسجيلة. 38323)

تفاصيل مارك
000 -الفاتح
حقل البيانات ثابتة الطول 01409cam a2200313 a 4500
001 - رقم الضبط
رقم الضبط 2035360
003 - محدد رقم الضبط
رقم الضبط OSt
005 - وقت وتاريخ اخر تعامل مع التسجيلة
رقم الضبط 20151011182013.0
008 - عناصر البيانات ثابتة الطول - معلومات عامة
حقل البيانات ثابتة الطول 930204s1993 ohua b 001 0 eng
010 ## - رقم ضبط مكتبة الكونجرس
رقم ضبط مكتبة الكونجرس 92082559
020 ## - الرقم الدولى المعيارى للكتب
الرقم الدولى المعيارى للكتاب 1881855023 (Magna Physics Pub.)
020 ## - الرقم الدولى المعيارى للكتب
الرقم الدولى المعيارى للكتاب 0198593872 (Clarendon Press) :
شروط الاتاحة £45.00 ($67.50 U.S.)
040 ## - مصدر الفهرسة
وكالة الفهرسة الأصلية DLC
وكالة النسخ DLC
وكالة التعديل DLC
050 00 - رقم طلب مكتبة الكونجرس
رقم التصنيف TK2787
رقم المادة .M55 1993
082 00 - رقم تصنيف ديوى العشرى
رقم التصنيف 621.46
رقم الطبعة 20
رقم المادة MTS
100 1# - المدخل الرئيسى - إسم شخصى
الإسم الشخصى Miller, T. J. E.
الشكل الأكمل للاسم (Timothy John Eastham),
التواريخ المصاحبة للاسم 1947-
9 (RLIN) 51848
245 10 - بيان العنوان
العنوان Switched reluctance motors and their control /
بيان المسئوليه,etc T.J.E. Miller.
260 ## - PUBLICATION, DISTRIBUTION, ETC. (IMPRINT)
مكان الناشر او الموزع Hillsboro, OH :
اسم الناشر او الموزع Magna Physics Pub. ;
مكان الناشر او الموزع Oxford :
اسم الناشر او الموزع Clarendon Press,
تاريخ النشر أو التوزيع 1993.
300 ## - الوصف المادى
التعداد 200, [5] p. :
تفاصيل ماديه اخرى للوعاء ill. ;
أبعاد الوعاء 24 cm.
440 #0 - بيان السلسلة/مدخل إضافى-العنوان
العنوان Monographs in electrical and electronic engineering ;
رقم المجلد/ التعيين التسلسلي 31
9 (RLIN) 51849
440 #0 - بيان السلسلة/مدخل إضافى-العنوان
العنوان Oxford science publications
9 (RLIN) 51850
504 ## - تبصرة ببليوجرافية
تبصرة ببليوجرافية,الخ Includes bibliohgraphical references (p. [201]-[205]) and index.
650 #0 - المدخل الاضافى بالموضوع-مصطلح موضوعى
مصطلح موضوعي أو اسم جغرافي كعنصر مدخل Reluctance motors.
9 (RLIN) 51851
856 42 - الوصول و الموقع الالكترونى
مواد محددة Publisher description
معرف المصدر الموحد <a href="http://www.loc.gov/catdir/enhancements/fy0635/92082559-d.html">http://www.loc.gov/catdir/enhancements/fy0635/92082559-d.html</a>
856 41 - الوصول و الموقع الالكترونى
مواد محددة Table of contents only
معرف المصدر الموحد <a href="http://www.loc.gov/catdir/enhancements/fy0635/92082559-t.html">http://www.loc.gov/catdir/enhancements/fy0635/92082559-t.html</a>
906 ## - عنصر بيانات محلى F, LDF (RLIN)
a 7
b cbc
c orignew
d 1
e opcn
f 19
g y-gencatlg
942 ## - عناصر المدخل الإضافي( كوها)
مصدر التصنيف او مخطط الترفيف Dewey Decimal Classification
Koha [default] item type كتاب
المقتنيات
حالة الفقد نموذج السعر الفعال حالة تلف ليس للاعارة رقم الطلب تاريخ الاكتساب الموقع الحالي الباركود الفرع الرئيسي Date last seen نوع المادة فى نظام كوها مصدر التصنيف او خطة الترفيف Total Checkouts
  2015-10-11     621.46 MTS 2015-10-11 المكتبة المركزية بالمجمعة (CL) 00653800 المكتبة المركزية بالمجمعة (CL) 2015-10-11 كتاب Dewey Decimal Classification  
  2015-10-11     621.46 MTS 2015-10-11 المكتبة المركزية بالمجمعة (CL) 00653801 المكتبة المركزية بالمجمعة (CL) 2015-10-11 كتاب Dewey Decimal Classification  
  2015-10-11     621.46 MTS 2015-10-11 المكتبة المركزية بالمجمعة (CL) 00653802 المكتبة المركزية بالمجمعة (CL) 2015-10-11 كتاب Dewey Decimal Classification